书目信息 |
| 题名: |
中国小说史略
|
|
| 作者: | 鲁迅 著 | |
| 分册: | ||
| 出版信息: | 北京 北京大学出版社 2009.01 |
|
| 页数: | 210页 | |
| 开本: | 26cm | |
| 丛书名: | ||
| 单 册: | ||
| 中图分类: | I210.91 | |
| 科图分类: | ||
| 主题词: | 文学--作品集--中国 | |
| 电子资源: | ||
| ISBN: | 7-301-15844-0 | |
| 000 | 00538nam0 2200193 450 | |
| 001 | 1657804667 | |
| 005 | 20161205160437.91 | |
| 010 | @a7-301-15844-0@dCNY28.00 | |
| 100 | @a20161205d2009 km y0chiy0120 ea | |
| 101 | 0 | @achi |
| 102 | @aCN@b110000 | |
| 200 | 1 | @a中国小说史略@Azhong guo xiao shuo shi lue@f鲁迅著@Flu xun zhu |
| 210 | @a北京@c北京大学出版社@d2009.01 | |
| 215 | @a210页@d26cm | |
| 606 | 0 | @a文学@x作品集@x中国 |
| 690 | @aI210.91@v4 | |
| 701 | 0 | @a鲁迅@Alu xun@4著 |
| 801 | 0 | @aCN@bMUSE@c20161205 |
| 905 | @aMUSE@dI210.91@eL8242 | |
| 中国小说史略/鲁迅著.-北京:北京大学出版社,2009.01 |
| 210页;26cm |
| ISBN 7-301-15844-0:CNY28.00 |
| ● |
| 相关链接 |
|
|
|
正题名:中国小说史略
索取号:I210.91/L8242
 
预约/预借
| 序号 | 登录号 | 条形码 | 馆藏地/架位号 | 状态 | 备注 |
| 1 | 1238862 | 212388628 | 公共艺术教育中心资料室/ [索取号:I210.91/L8242] | 在馆 |